Movies Quiz

Random Movies or Oscar Quiz

Best Screenplays (2000-present) Quiz Stats

 Plays Quiz not verified by Sporcle

Score 0/24 Timer 04:00
0 Plays Today
% Correct
The King's Speech
89.6%
Milk
88.5%
The Descendants
85.5%
The Hurt Locker
82.2%
Traffic
80.3%
Brokeback Mountain
79.7%
Midnight in Paris
79.2%
Little Miss Sunshine
78.1%
The Pianist
78.1%
The Lord of the Rings: The Return of the King
77.3%
Juno
75.6%
Crash
71.5%
% Correct
The Departed
70.7%
Slumdog Millionaire
70.1%
Precious: Based on the Novel Push by Sapphire
70.1%
The Social Network
65.2%
No Country For Old Men
62.2%
A Beautiful Mind
58.6%
Lost in Translation
52.1%
Talk to Her
47.7%
Eternal Sunshine of the Spotless Mind
46.8%
Sideways
46.6%
Gosford Park
46.3%
Almost Famous
44.1%
Remove Ads.
Support Sporcle.
Get the best of Sporcle when you Go Orange. This ad-free experience offers more features, more stats, and more fun while also helping to support Sporcle. Thank you for becoming a member.

You're not logged in!

Compare scores with friends on all Sporcle quizzes.
OR
Log In

Sporcle TV

Today on Sporcle TV


Watch our educational content, quiz creation guides, and fun videos on Sporcle TV.

Show Comments

Extras

Top Quizzes Today


Score Distribution

Paid Content

Your Account Isn't Verified!

In order to create a playlist on Sporcle, you need to verify the email address you used during registration. Go to your Sporcle Settings to finish the process.

Report this User

Report this user for behavior that violates our Community Guidelines.

Details: